• 首页
  • 本馆介绍
  • 公告通知
  • 最新文献
  • 馆藏检索
  • 电子资源
  • 读者导购
  • 参考咨询
  • 我的图书馆
  • 登录
  • 详细信息显示
  • 放入我的书架
  • 预约/预借图书
  • 作者相关作品
  • 分类相关作品
  • 丛书相关作品
  • 出版社相关作品

书目信息

  • 表格格式
  • 工作单格式
  • 卡片格式
书名: Operations management for competitive advantage
作者: Richard B. Chase, Nicholas J. Aquilando, F. Robert Jacobs.
分册号:
分册名:
出版地: Boston, Mass. :
 
出版社: McGraw-Hill
出版时间: 1997.
页数: 1723 p. :
开本: 29 cm. +
丛书名: The McGraw-Hill/Irwin series operations and decision sciences
中图分类号:
科图分类号:
其他分类号: F273
主题词:
电子资源:
000 01244cam 2200325 a 4500
001 E0760650685
005 20070708091452.34
008 0211191997 maua b 001 0 eng
010    @a 2002043224
020    @a0-256-94068-1.
020    @a0072506377 (CD-ROM).
020    @a0071241094 (international ed. ; pbk.).
020    @a0072506369 (alk. paper).
040    @aDLC@cDLC@dSCT
050 00 @aTS155@b.C4237
082 00 @a658.5 @2 21
090    @aF273
099    @dF273@ex30=6
100 1  @aChase, Richard B.
245 10 @aOperations management for competitive advantage / @cRichard B. Chase, Nicholas J. Aquilando, F. Robert Jacobs.
250    @a6th ed.
260    @aBoston, Mass. :@bMcGraw-Hill,@c1997.
300    @a1723 p. :@bill. (some col.) ;@c29 cm. +@e1 CD-ROM (4 3/4 in.).
440  4 @aThe McGraw-Hill/Irwin series operations and decision sciences
504    @aIncludes bibliographical references and index.
538    @aSystem requirements for the accompanying computer disc: IBM PC; Pentium based processor; Windows 95/2000/XP; Microsoft Internet Explorer 5.5.
650  0 @aProduction management.
700 1  @aJacobs, F. Robert.
700 1  @aAquilano, Nicholas J.
920    @a232010@z2
    
    Operations management for competitive advantage / / Richard B. Chase, Nicholas J. Aquilando, F. Robert Jacobs.-6th ed.-Boston, Mass. : : McGraw-Hill, , 1997.
    1723 p. : : ill. (some col.) ; ; 29 cm. + + 1 CD-ROM (4 3/4 in.).- (The McGraw-Hill/Irwin series operations and decision sciences )
    Includes bibliographical references and index.-System requirements for the accompanying computer disc: IBM PC; Pentium based processor; Windows 95/2000/XP; Microsoft Internet Explorer 5.5.
    
    ISBN 0-256-94068-1.
    
●
相关链接 在E读中查询图书 在五车中查询图书 在当当中查询图书 在豆瓣中查询图书


正题名:Operations management for competitive advantage     索取号:F273/x30=6         预约/预借

序号 登录号 条形码 馆藏地/架位号 状态 备注
1 11376   300113767   第二样本阅览室/ [索取号:F273/x30=6] 在馆    
唐山师范学院图书馆 欢迎您!
大连网信软件有限公司© 版权所有